书目信息 |
| 题名: |
富硒蔬菜高效栽培与深加工关键技术研究
|
|
| 作者: | 王道波, 著 | |
| 分册: | ||
| 出版信息: | 长春 东北师范大学出版社 2019 |
|
| 页数: | 237页 | |
| 开本: | 24cm | |
| 丛书名: | ||
| 单 册: | ||
| 中图分类: | S63 , TS255.3 | |
| 科图分类: | ||
| 主题词: | 蔬菜园艺--研究--硒--xi , 蔬菜加工--研究--硒--xi | |
| 电子资源: | http://www.zxhsd.com/kgsm/ts/2019/10/11/4694394.shtml | |
| ISBN: | 978-7-5681-6014-8 | |
| 000 | 01113nam0 2200301 450 | |
| 001 | 012001005350 | |
| 005 | 20131111165453.0 | |
| 010 | @a978-7-5681-6014-8@dCNY68.00 | |
| 099 | @aCAL 012019156627 | |
| 100 | @a20191014d2019 em y0chiy50 ea | |
| 101 | 0 | @achi |
| 102 | @aCN@b220000 | |
| 105 | @aa z 000yy | |
| 106 | @ar | |
| 200 | 1 | @a富硒蔬菜高效栽培与深加工关键技术研究@Afu xi shu cai gao xiao zai pei yu shen jia gong guan jian ji shu yan jiu@f王道波著 |
| 210 | @a长春@c东北师范大学出版社@d2019 | |
| 215 | @a237页@c图@d24cm | |
| 330 | @a本书介绍了富硒蔬菜的现状意义及发展前景等,帮助人们充分认识、了解富硒蔬菜。本书将富硒蔬菜分为根类、茎类、叶类、果类,并对它们的概念、种类、环境选择、种植过程、管理方法、疾病防治、加工与运输进行介绍。 | |
| 606 | 0 | @x蔬菜园艺@x研究@a硒@Axi |
| 606 | 0 | @x蔬菜加工@x研究@a硒@Axi |
| 690 | @aS63@v5 | |
| 690 | @aTS255.3@v5 | |
| 701 | 0 | @a王道波,@Awang dao bo@f1963-@4著 |
| 801 | 0 | @aCN@b江苏凤凰@c20191020 |
| 856 | 4 | @uhttp://www.zxhsd.com/kgsm/ts/2019/10/11/4694394.shtml |
| 905 | @b1213258-61@dS63@e604@f4 | |
| 920 | @a242170@z1 | |
| 920 | @a251010@z1 | |
| 富硒蔬菜高效栽培与深加工关键技术研究/王道波著.-长春:东北师范大学出版社,2019 |
| 237页:图;24cm |
| ISBN 978-7-5681-6014-8:CNY68.00 |
| 本书介绍了富硒蔬菜的现状意义及发展前景等,帮助人们充分认识、了解富硒蔬菜。本书将富硒蔬菜分为根类、茎类、叶类、果类,并对它们的概念、种类、环境选择、种植过程、管理方法、疾病防治、加工与运输进行介绍。 |
| ● |
| 相关链接 |
|
|
|
|
正题名:富硒蔬菜高效栽培与深加工关键技术研究
索取号:S63/604
 
预约/预借
| 序号 | 登录号 | 条形码 | 馆藏地/架位号 | 状态 | 备注 |
| 1 | 1213258 | 212132583 | 第二样本阅览室/ [索取号:S63/604] | 在馆 | |
| 2 | 1213259 | 212132592 | 第三借阅区/ [索取号:S63/604] | 在馆 | |
| 3 | 1213260 | 212132609 | 第三借阅区/ [索取号:S63/604] | 在馆 | |
| 4 | 1213261 | 212132618 | 第三借阅区/ [索取号:S63/604] | 在馆 |